Oorwin kanker : 'n nuwe lewe (Record no. 490614)

MARC details
000 -LEADER
fixed length control field 00252nam a2200097Ia 4500
082 ## - DEWEY DECIMAL CLASSIFICATION NUMBER
Classification number 616.994654 SERF
008 - FIXED-LENGTH DATA ELEMENTS--GENERAL INFORMATION
fixed length control field 210825s9999 xx 000 0 und d
100 ## - MAIN ENTRY--PERSONAL NAME
Personal name SERFONTEIN, W. J.
9 (RLIN) 105944
245 #0 - TITLE STATEMENT
Title Oorwin kanker : 'n nuwe lewe
942 ## - ADDED ENTRY ELEMENTS
item type Books
Holdings
Withdrawn status Lost status Damaged status Not for loan Home library Current library Date acquired Cost, normal purchase price Total Checkouts Barcode Date last seen Price effective from item type
        Emtfuntini Emtfuntini 25.08.2021 19.00   33228014647125 25.08.2021 25.08.2021 Books